Devinez la Capitale Mystère #124 - Statistiques

Statistiques générales
  • Ce quiz a été pris 117 fois
  • Le résultat moyen est 30 sur 34
Statistiques - réponses
Type de Réponse Réponse % Correct
Lettre Trouvée A
100%
Lettre Trouvée I
100%
Lettre de l'Alphabet R
100%
Lettre de l'Alphabet S
100%
Lettre Bien Placée A
99%
Lettre Trouvée E
98%
Lettre Trouvée N
98%
Lettre de l'Alphabet O
98%
Lettre de l'Alphabet P
98%
Lettre Trouvée L
96%
Lettre de l'Alphabet B
95%
Lettre de l'Alphabet D
95%
Lettre Bien Placée I
95%
Lettre de l'Alphabet U
92%
Lettre Trouvée M
89%
Lettre de l'Alphabet T
89%
Lettre de l'Alphabet G
88%
Lettre de l'Alphabet K
88%
Lettre Bien Placée M
88%
Lettre Bien Placée N
87%
Lettre de l'Alphabet C
86%
Lettre de l'Alphabet H
86%
Lettre Bien Placée L
85%
Lettre de l'Alphabet W
82%
Lettre de l'Alphabet X
82%
Lettre de l'Alphabet Y
82%
Lettre de l'Alphabet V
81%
Lettre Bien Placée E
80%
Lettre de l'Alphabet F
80%
Lettre de l'Alphabet Z
80%
Lettre de l'Alphabet J
79%
Lettre de l'Alphabet Q
79%
Lettre Bien Placée L
78%
Capitale Mystère Manille
78%
Aucun quiz correspondant
Distribution des résultats
% des personnes avec chaque résultat
Percentile par nombre de réponses
Votre historique - résultats
Vous n’avez pas pris ce quiz